Ecology and management of soilborne plant pathogens
Đã lưu trong:
| 格式: | 圖書 |
|---|---|
| 語言: | Undetermined |
| 出版: |
USA
The American Phytopathological Society
1985
|
| 主題: | |
| 標簽: |
添加標簽
沒有標簽, 成為第一個標記此記錄!
|
| Thư viện lưu trữ: | Trung tâm Học liệu Trường Đại học Cần Thơ |
|---|
| LEADER | 00473nam a2200157Ia 4500 | ||
|---|---|---|---|
| 001 | CTU_29925 | ||
| 008 | 210402s9999 xx 000 0 und d | ||
| 082 | |a 574.2 | ||
| 082 | |b E19 | ||
| 245 | 0 | |a Ecology and management of soilborne plant pathogens | |
| 260 | |a USA | ||
| 260 | |b The American Phytopathological Society | ||
| 260 | |c 1985 | ||
| 650 | |a plants - ecology,plants - pathology | ||
| 904 | |i Liên, 981223 | ||
| 980 | |a Trung tâm Học liệu Trường Đại học Cần Thơ | ||